1 SUPPLEMRNT THE UNITED STATES PHARMOCOPEIA THE NATIONAL RORMULARY, USP 36 NF 31 (Record no. 86898)

MARC details
000 -LEADER
fixed length control field 00407nam a2200133Ia 4500
008 - FIXED-LENGTH DATA ELEMENTS--GENERAL INFORMATION
fixed length control field 220916s9999 xx 000 0 und d
020 ## - INTERNATIONAL STANDARD BOOK NUMBER
International Standard Book Number 978-1-4160-4574-8
245 #0 - TITLE STATEMENT
Title 1 SUPPLEMRNT THE UNITED STATES PHARMOCOPEIA THE NATIONAL RORMULARY, USP 36 NF 31
250 ## - EDITION STATEMENT
Edition statement 31ST
260 ## - PUBLICATION, DISTRIBUTION, ETC.
Name of publisher, distributor, etc. UNITED STATES PHARMACOPEIAL CONVENTION, ROCKVILLE
Date of publication, distribution, etc. 2013
300 ## - PHYSICAL DESCRIPTION
Extent 6068
650 ## - SUBJECT ADDED ENTRY--TOPICAL TERM
Topical term or geographic name entry element Regulatory Affairs
942 ## - ADDED ENTRY ELEMENTS (KOHA)
Koha item type Book
Holdings
Withdrawn status Lost status Damaged status Not for loan Home library Current library Shelving location Date acquired Total Checkouts Barcode Date last seen Price effective from Koha item type Public note
        Mewar University Central Library Mewar University Central Library Pharmacy 23/10/2013   PH10 16/09/2022 23/10/2013 Reference Reference ph R-7 S-1